Moscow / History, Art and Architecture (Record no. 1500)

000 -LEADER
fixed length control field 00794nam a22002777a 4500
003 - CONTROL NUMBER IDENTIFIER
control field OSt
005 - DATE AND TIME OF LATEST TRANSACTION
control field 20210423064157.0
008 - FIXED-LENGTH DATA ELEMENTS--GENERAL INFORMATION
fixed length control field 210217s1993 ||||| |||| 00| 0 eng d
020 ## - INTERNATIONAL STANDARD BOOK NUMBER
International Standard Book Number 5870870011
040 ## - CATALOGING SOURCE
Original cataloging agency eng
Language of cataloging eng
Transcribing agency DLC
041 ## - LANGUAGE CODE
Language code of text/sound track or separate title eng
080 ## - UNIVERSAL DECIMAL CLASSIFICATION NUMBER
Universal Decimal Classification number 008
Item number M-96
100 ## - MAIN ENTRY--PERSONAL NAME
9 (RLIN) 936
Personal name Murrell, Berton. Kathleen
245 ## - TITLE STATEMENT
Title Moscow / History, Art and Architecture
Statement of responsibility, etc. / by: Troika
260 ## - PUBLICATION, DISTRIBUTION, ETC.
Name of publisher, distributor, etc. Troika
Date of publication, distribution, etc. 1993
300 ## - PHYSICAL DESCRIPTION
Extent 144 p.
Other physical details ill.
650 #0 - SUBJECT ADDED ENTRY--TOPICAL TERM
9 (RLIN) 494
Topical term or geographic name entry element Russian Culture
650 #0 - SUBJECT ADDED ENTRY--TOPICAL TERM
9 (RLIN) 493
Topical term or geographic name entry element Culture
653 ## - INDEX TERM--UNCONTROLLED
Uncontrolled term კულტურა
653 ## - INDEX TERM--UNCONTROLLED
Uncontrolled term რუსული კულტურა
700 ## - ADDED ENTRY--PERSONAL NAME
9 (RLIN) 937
Personal name Luppi, Andrea
Relator term Photography
700 ## - ADDED ENTRY--PERSONAL NAME
9 (RLIN) 939
Personal name Pohl, Otto
Relator term Photography
700 ## - ADDED ENTRY--PERSONAL NAME
9 (RLIN) 940
Personal name Aleksic, Gane
Relator term Design
700 ## - ADDED ENTRY--PERSONAL NAME
9 (RLIN) 941
Personal name Phillips, Madge
Relator term Editor
942 ## - ADDED ENTRY ELEMENTS (KOHA)
Source of classification or shelving scheme
Koha item type Books
Holdings
Withdrawn status Lost status Source of classification or shelving scheme Damaged status Not for loan Permanent location Current location Date acquired Inventory number Total Checkouts Full call number Barcode Date last seen Price effective from Koha item type
          Ken Walker International University Ken Walker International University 02/17/2021 1470   008 M-96 1470 02/17/2021 02/17/2021 Books

Powered by Koha